Statistics for SNL Guest Hosts - Season 20

Click here to take the quiz!

General Stats

  • This quiz has been taken 8 times
  • The average score is 13 of 20

Answer Stats

Premiere DateFamous ForMusical GuestGuest Host% Correct
December 10, 199430 Rock, It's Complicated, Pearl HarborBeastie BoysAlec Baldwin
100%
October 22, 1994Doing impressions, Wayne's WorldEdie Brickell & Paul SimonDana Carvey
100%
October 15, 1994Grease, Pulp Fiction, Old DogsSealJohn Travolta
100%
April 15, 1995Friends, Scream, Cougar TownDave Matthews BandCourtney Cox
86%
February 25, 1995Ocean's Eleven, The Descendants, Batman & RobinThe CranberriesGeorge Clooney
86%
December 17, 1994A former professional boxer who has his own line of grillsHoleGeorge Foreman
86%
January 14, 1995Dumb & Dumber, Dumb & Dumber Too, HomelandLuscious JacksonJeff Daniels
86%
March 25, 1995Roseanne, O Brother Where Art Thou, Monsters IncThe Tragically HipJohn Goodman
86%
February 11, 1995Newhart, Catch-22, ElfDes'reeBob Newhart
71%
October 1, 1994As the World Turns, A Different World, My Cousin VinnyBonnie RaittMarisa Tomei
71%
December 3, 1994Roseanne, She-Devil, Look Who's Talking TooGreen DayRoseanne Barr
71%
May 6, 1995Full House, America's Funniest Home Videos, How I Met Your MotherTLCBob Saget
57%
April 8, 1995In LIving Color, The Last Boy Scout, Major PayneDionne FarrisDamon Wayans
57%
May 13, 1995The X Files,Rod StewartDavid Duchovny
57%
November 12, 1994Sex and the City, Footloose, FirstbornR.E.M.Sarah Jessica Parker
57%
November 19, 1994Transformers, Do the Right Thing, Miller's CrossingTom PettyJohn Turturro
43%
March 18, 1995Mad About You, Diner, Beverly Hills CopAnnie LennoxPaul Reiser
43%
January 21, 1995Frasier, A Bug's Life, Treasure PlanetLiveDavid Hyde Pierce
29%
February 18, 1995Former NFL player who played for the Falcons, 49ers, Cowboys, Redskins, and RavensBon JoviDeion Sanders
29%
September 24, 1994His offbeat, absurdist comedy routineEric ClaptonSteve Martin
29%

Score Distribution

Percentile by Number Answered

Percent of People with Each Score

Your Score History

You have not taken this quiz